000 01022cam a22003257a 4500
003 CHAP
005 20230531122922.0
008 971013s r 00010 d
010 _a2533
011 _a3505
035 _a2705
040 _cCHAP
090 _aFolleto 13189
100 1 0 _aLópez Fuentes, María Cristina
_967878
245 1 4 _aLas fitobacterias en la biotecnología
260 _a[Chapingo, Méx.] :
_bUACH. Departamento de Parasitología Agrícola,
_c[198?]
300 _a5 p.
500 _aD46-72
590 _aBATCH-UPD
_b10
_c20130109
_lUCH01
_h2322
590 _aBATCH-UPD
_b10
_c20130110
_lUCH01
_h1708
590 _aBATCH-UPD
_b10
_c20130409
_lUCH01
_h1845
590 _aBATCH-UPD
_b10
_c20130410
_lUCH01
_h1054
590 _aBATCH-UPD
_b10
_c20130914
_lUCH01
_h0518
590 _aCONVERSION
_b10
_c20130109
_lUCH01
_h1303
650 1 4 _aBacterias fitopatógenas.
_99326
650 1 4 _aBiotecnología.
_912878
901 _aBK
942 _cFOLL
949 _aFolleto 13189
_bBC
_cUACH
_d-12211
_eUACH
_i2705
_si
999 _c2533
_d2533